Rajnaitik tattwar parichay / (Record no. 9914)
[ view plain ]
| 000 -LEADER | |
|---|---|
| fixed length control field | 00657cam a2200241ua 4500 |
| 005 - DATE AND TIME OF LATEST TRANSACTION | |
| control field | 20201205140811.0 |
| 008 - FIXED-LENGTH DATA ELEMENTS--GENERAL INFORMATION | |
| fixed length control field | 190730n ii |||gr||||Z||||||asm |
| 020 ## - INTERNATIONAL STANDARD BOOK NUMBER | |
| International Standard Book Number | 9789387956773 |
| 040 ## - CATALOGING SOURCE | |
| Transcribing agency | MAIN |
| Original cataloging agency | IN-DiNC |
| 041 ## - LANGUAGE CODE | |
| Language code of sung or spoken text | Assamese |
| 082 ## - DEWEY DECIMAL CLASSIFICATION NUMBER | |
| Classification number | 320.5 |
| Item number | DAS |
| 100 ## - MAIN ENTRY--PERSONAL NAME | |
| Personal name | Das, Deepan, |
| Relator term | Author |
| 245 ## - TITLE STATEMENT | |
| Title | Rajnaitik tattwar parichay / |
| Statement of responsibility, etc. | By Deepan Das and Durllav Borah |
| 250 ## - EDITION STATEMENT | |
| Edition statement | 1st ed. |
| 260 ## - PUBLICATION, DISTRIBUTION, ETC. | |
| Place of publication, distribution, etc. | Dibrugarh: |
| Name of publisher, distributor, etc. | Banalata, |
| Date of publication, distribution, etc. | 2019. |
| 300 ## - PHYSICAL DESCRIPTION | |
| Extent | 391p. |
| 650 ## - SUBJECT ADDED ENTRY--TOPICAL TERM | |
| Topical term or geographic name entry element | Political science |
| 650 ## - SUBJECT ADDED ENTRY--TOPICAL TERM | |
| Topical term or geographic name entry element | Political theory |
| 700 ## - ADDED ENTRY--PERSONAL NAME | |
| Personal name | Bora, Durllav |
| Relator term | Author |
| 942 ## - ADDED ENTRY ELEMENTS (KOHA) | |
| Koha item type | Books |
| Source of classification or shelving scheme | Dewey Decimal Classification |
| 653 ## - INDEX TERM--UNCONTROLLED | |
| Uncontrolled term | Political science |
| 653 ## - INDEX TERM--UNCONTROLLED | |
| Uncontrolled term | Understanding political theory |
| Withdrawn status | Lost status | Damaged status | Not for loan | Home library | Current library | Shelving location | Date acquired | Total Checkouts | Full call number | Barcode | Date last seen | Date last checked out | Copy number | Price effective from | Koha item type | Date due | Source of classification or shelving scheme | Collection code | Cost, normal purchase price |
|---|---|---|---|---|---|---|---|---|---|---|---|---|---|---|---|---|---|---|---|
| Central Library, Naharkatiya College | Central Library, Naharkatiya College | General Stacks | 19/09/2020 | 9 | 320.5 | DAS | 27980 | 18/08/2021 | 09/04/2021 | 1 | 19/09/2020 | Books | ||||||||
| Central Library, Naharkatiya College | Central Library, Naharkatiya College | General Stacks | 19/09/2020 | 24 | 320.5 | DAS | 27981 | 19/11/2024 | 02/11/2024 | 2 | 19/09/2020 | Books | ||||||||
| Central Library, Naharkatiya College | Central Library, Naharkatiya College | General Stacks | 19/09/2020 | 21 | 320.5 | DAS | 27982 | 13/12/2024 | 06/11/2024 | 3 | 19/09/2020 | Books | ||||||||
| Central Library, Naharkatiya College | Central Library, Naharkatiya College | General Stacks | 19/09/2020 | 19 | 320.5 | DAS | 28142 | 30/10/2023 | 30/10/2023 | 4 | 19/09/2020 | Books | 14/11/2023 | |||||||
| Central Library, Naharkatiya College | Central Library, Naharkatiya College | General Stacks | 19/09/2020 | 6 | 320.5 | DAS | 28143 | 09/09/2025 | 20/10/2022 | 5 | 19/09/2020 | Books | ||||||||
| Central Library, Naharkatiya College | Central Library, Naharkatiya College | General Stacks | 05/12/2020 | 26 | 320.5 DAS | 28479 | 09/11/2024 | 09/11/2024 | 6 | 05/12/2020 | Books | 28/11/2024 | Dewey Decimal Classification | Political Science | 200.00 | ||||
| Central Library, Naharkatiya College | Central Library, Naharkatiya College | General Stacks | 05/12/2020 | 20 | 320.5 DAS | 28480 | 19/12/2024 | 11/11/2024 | 7 | 05/12/2020 | Books | Dewey Decimal Classification | Political Science | 200.00 |
